Animals by Close-up Image - Statistics

General Stats
  • This quiz has been taken 19 times
  • The average score is 15 of 16
Answer Stats
Picture Answer % Correct
Giant Panda
100%
Jaguar
100%
Ladybug
100%
Monarch Butterfly
100%
Tiger
100%
Clownfish
94%
Cobra
94%
Emperor Penguin
94%
Giraffe
94%
Armadillo
89%
Killer Whale
89%
Turkey
89%
Peacock
83%
Black Widow
78%
Skunk
78%
Anaconda
67%
No matching quizzes found
Score Distribution
Percent of People with Each Score
Percentile by Number Answered
Your Score History
You have not taken this quiz